<?xml version="1.0" encoding="UTF-8"?>
<marc:record xmlns:marc="http://www.loc.gov/MARC21/slim">
   <marc:leader>00000nam a2200000 a 4500</marc:leader>
   <marc:datafield ind1="1" ind2=" " tag="100">
      <marc:subfield code="a">Elsberg, Marc</marc:subfield>
      <marc:subfield code="4">aut</marc:subfield>
      <marc:subfield code="e">Verfasser/-in</marc:subfield>
   </marc:datafield>
   <marc:datafield ind1=" " ind2=" " tag="653">
      <marc:subfield code="a">Meeresbiologin</marc:subfield>
   </marc:datafield>
   <marc:datafield ind1=" " ind2=" " tag="653">
      <marc:subfield code="a">ki</marc:subfield>
   </marc:datafield>
   <marc:datafield ind1=" " ind2=" " tag="653">
      <marc:subfield code="a">Influenzer</marc:subfield>
   </marc:datafield>
   <marc:datafield ind1="0" ind2="0" tag="245">
      <marc:subfield code="a">EDEN - Wenn das Sterben beginnt</marc:subfield>
   </marc:datafield>
   <marc:datafield ind1="0" ind2="0" tag="245">
      <marc:subfield code="b">Thriller</marc:subfield>
   </marc:datafield>
   <marc:datafield ind1=" " ind2="1" tag="264">
      <marc:subfield code="a">München</marc:subfield>
      <marc:subfield code="b">Blanvalet</marc:subfield>
      <marc:subfield code="c">2026</marc:subfield>
   </marc:datafield>
   <marc:datafield ind1=" " ind2=" " tag="250">
      <marc:subfield code="a">Originalausgabe</marc:subfield>
   </marc:datafield>
   <marc:datafield ind1="1" ind2=" " tag="520">
      <marc:subfield code="a">Wenn das Sterben beginnt  der neue rasante Thriller von SPIEGEL-Bestsellerautor Marc Elsberg##Frühjahr: In der Karibik attackiert ein Riesenkalmar vor den Augen entsetzter Touristen einen Walhai. In der Bucht von Triest treiben Schwärme toter Fische. Im Amazonas verdorrt der Boden. Lokale Einzelphänomene der Natur  so scheint es. Doch weltweit beginnt etwas zu kippen #Als das neue KI-Programm des IT-Experten Piero Manzano Alarm schlägt, ist die Prognose eindeutig: Binnen Monaten droht eine globale Megakrise. Gemeinsam mit dem reichweitenstarken Influencer Linus Strand und der jungen Meeresbiologin Sarah Keller macht Piero die Warnung öffentlich  und sie alle damit zur Zielscheibe. Mächtige Gegenspieler tun alles, um sie zum Schweigen zu bringen, während sich am Horizont ein Sturm zusammenbraut #Lesen Sie auch die anderen brisanten Thriller von Marc Elsberg wie BLACKOUT und CELSIUS.</marc:subfield>
   </marc:datafield>
   <marc:datafield ind1=" " ind2=" " tag="020">
      <marc:subfield code="a">9783764508661</marc:subfield>
      <marc:subfield code="9">9783764508661</marc:subfield>
   </marc:datafield>
   <marc:datafield ind1=" " ind2=" " tag="041">
      <marc:subfield code="a">ger</marc:subfield>
   </marc:datafield>
   <marc:datafield ind1=" " ind2=" " tag="300">
      <marc:subfield code="a">768 Seiten</marc:subfield>
   </marc:datafield>
</marc:record>
